Invalidné poistenie v SR a vo vybraných krajinách EÚ diplomová práca

Saved in:
Bibliographic Details
Main Author: Ondrisová, Denisa
Corporate Author: Národohospodárska fakulta EU. Katedra sociálneho rozvoja a práce
Other Authors: Šipikalová, Silvia, 1979-
Format: Book
Language:Slovak
Published: Bratislava 2015
Tags: Add Tag
No Tags, Be the first to tag this record!

MARC

LEADER 00000nbm a2200000 4500
001 0205813
005 20161205085047.2
041 0 |a slo 
044 |a SK 
245 1 0 |a Invalidné poistenie v SR a vo vybraných krajinách EÚ  |b diplomová práca  |c Denisa Ondrisová ; školiteľ: Silvia Šipikalová 
264 1 |a Bratislava  |c 2015 
300 |a 66 s. 
100 1 |a Ondrisová, Denisa 
700 1 |a Šipikalová, Silvia, 1979- 
710 2 |a Národohospodárska fakulta EU. Katedra sociálneho rozvoja a práce